000 00839cab a2200253 4500
001 ABS46207
008 090401t1992 xxu||||| |||| 00| 0 eng d
035 _a(Sirsi) u57156
041 _aeng
100 _aScott, I.
245 _aHigh-bay warehouses
260 _c1992
350 _a0
490 _aEstates Gazette
_v(9216) 25 April 1992, 77-79(3)
520 _aComments on the growing trend of high-bay warehouses being viewed as investment property. Explains what is meant by high-bay warehousing, its advantages and planning considerations.
650 _aHIGH BAY WAREHOUSES
650 _aINDUSTRIAL PROPERTY
650 _aINVESTMENT MARKET
650 _aWAREHOUSING
690 _aPROPERTY-COMMERCIAL PROPERTY-COMMERCIAL PROPERTY FINANCE AND INVESTMENT
700 _aMoriarty, S.
942 _n0
948 _c04/03/1997
999 _c34829
_d34829